| 000 | 00640nam a22001937a 4500 | ||
|---|---|---|---|
| 999 |
_c60862 _d60862 |
||
| 005 | 20181103144921.0 | ||
| 008 | 120113t xxu||||| |||| 00| 0 eng d | ||
| 020 | _cRs 250.00 | ||
| 035 | _aB-229516,B-229514, B-229530 | ||
| 040 |
_aDPL _bENG |
||
| 082 | _a000 | ||
| 100 |
_aGulati, S. L. _939158 |
||
| 245 |
_aBookhive's BCA bachelor of computer applications : _bentrance examination guide / _cby S. L. Gulati and Sanjay Kumar Sharma |
||
| 250 | _arev ed. | ||
| 260 |
_aNew Delhi _bBookhive (India) _c2008 |
||
| 300 |
_avarious pages _b24x18 cm |
||
| 700 |
_aSanjay Kumar Sharma _939159 |
||
| 942 |
_2ddc _cEN _h000 _mGUL |
||